[Event "CHI-chT Universities"]
[Site "Chile"]
[Date "2009.10.28"]
[Round "4"]
[White "Poupar, Aime"]
[Black "Jeraldo Zepeda, Christian Andres"]
[Result "1-0"]
[WhiteElo "2148"]
[BlackElo "2025"]
[PlyCount "53"]
[EventDate "2009.10.27"]
[EventType "team-swiss"]
[EventRounds "7"]
[EventCountry "CHI"]
[SourceTitle "EXT 2012"]
[Source "ChessBase"]
[SourceDate "2011.11.24"]
[SourceVersion "1"]
[SourceVersionDate "2011.11.24"]
[SourceQuality "1"]

1. d4 Nf6 2. c4 e5 3. dxe5 Ng4 4. Nf3 Bc5 5. e3 Nc6 6. Be2 0-0 7. 0-0 Re8 8. b3 Ncxe5 9. Bb2 Nxf3+ 10. Bxf3 Ne5 11. Nd2 Nxf3+ 12. Qxf3 a5 13. Ne4 Bf8 14. Nf6+ Qxf6 15. Bxf6 gxf6 16. Qg3+ Kh8 17. Qxc7 Ra6 18. Rad1 Bb4 19. Rd5 Rg8 20. Rfd1 Kg7 21. Rxd7 Bxd7 22. Rxd7 Rf8 23. Qxb7 Raa8 24. g3 Rab8 25. Qd5 Rbc8 26. a3 Bxa3 27. Qxa5 1-0